LEADER 01246nam a2200265 4500 001 000000353832 003 CaOOAMICUS 005 20230710113107.0 008 230517s2023 it a 000 u ita r 020 $z978896174142* 040 $aSeMil$bita 100 1 $aSangalli, Elisabetta.$0(OLS)http://semarc/name/117590 245 10$aSan Giovanni alle fonti :$bil cammino di S. Agostino /$cElisabetta Sangalli. 264 1$aMonza :$bOpificio Monzese delle Pietre Dure,$c2023. 300 $a102 p. :$bill. ;$c24 cm 541 0 $aOmaggio mons. Mario Delpini (5B III 68/13) 650 4$aMilano - Battistero di San Giovanni alle Fonti.$0(OLS)http://semarc/subject/17585 850 $aSeMil 852 $aSeMil$W1$xVenegono$y1$m5B III 68/13$j242096$B245043$CSeMilBibl$Z2$F245043 $81 941 1 $a7 961 $aOmaggio mons. Mario Delpini. ? Con dedica autografa dell?autrice (Elisabetta Sangalli) a mons. Mario Delpini S. Pasqua 2023 996 $6020$z978896174142*$9(OLS)http://semarc/number/298170 996 $6245$aSan Giovanni alle fonti :$bil cammino di S. Agostino$9(OLS)http://semarc/title/443970 996 $6264$aMonza :$bOpificio Monzese delle Pietre Dure$9(OLS)http://semarc/publisher/56582 LEADER 01357nam a2200289 4500 001 000000333637 003 CaOOAMICUS 005 20190527000000.0 008 190527s2018 vc 000 u ita r 040 $aSeMil$bita 100 0 $aFranciscus I,$c.$0(OLS)http://semarc/name/2737 245 10$aIncontri del Santo Padre francesco con seminaristi e sacerdoti dei Pontifici collegi e convitti di Roma :$b16 marzo 2018, 12 maggio 2014. 264 1$aCittą del Vaticano :$bTipografia Vaticana,$c2018. 300 $a49 p. ;$c20 cm 500 $aCon dedica sul front. 500 $aIn testa al front.: Congregazione per il clero 710 2 $aChiesa cattolica : Congregazione per il clero.$0(OLS)http://semarc/name/109493 850 $aSeMil 852 $aSeMil$W1$xVenegono$y1$m2A IV 487$j213602$B225928$CSeMilBibl$Z2$F225928 $81 900 1 $aBergoglio, Jorge Mario,$d<1936-2025>. 900 0 $aFrancesco I$c. 961 $aOmaggio - Brambilla don Paolo 996 $6245$aIncontri del Santo Padre francesco con seminaristi e sacerdoti dei Pontifici collegi e convitti di Roma :$b16 marzo 2018, 12 maggio 2014$9(OLS)http://semarc/title/423287 996 $6264$aCittą del Vaticano :$bTipografia Vaticana$9(OLS)http://semarc/publisher/32862